[Event "LUX-ch U18"]
[Site "Bonnevoie"]
[Date "2000.02.28"]
[Round "3"]
[White "Flesch, Roland"]
[Black "Hansen, Herve"]
[Result "0-1"]
[WhiteElo "1298"]
[BlackElo "1765"]
[PlyCount "40"]
[EventDate "2000.02.26"]
[EventType "swiss"]
[EventRounds "7"]
[EventCountry "LUX"]
[SourceTitle "EXT 2005"]
[Source "ChessBase"]
[SourceDate "2004.11.15"]
[SourceVersion "1"]
[SourceVersionDate "2004.11.15"]
[SourceQuality "1"]

1. c4 Nf6 2. Nc3 e6 3. g3 c5 4. Bg2 d5 5. d3 Nc6 6. e3 Be7 7. b3 0-0 8. Bb2 d4 9. Bxc6 dxc3 10. Bxc3 bxc6 11. Nf3 Re8 12. Qd2 Bd6 13. Rd1 e5 14. h3 Bf5 15. Nh4 Qd7 16. Nxf5 Qxf5 17. g4 Qf3 18. Rh2 e4 19. Bxf6 gxf6 20. dxe4 Bxh2 0-1

[Event "Luxembourg-ch"]
[Site "Luxembourg"]
[Date "1999.04.07"]
[Round "5"]
[White "Hansen, Herve"]
[Black "Beck, Luc"]
[Result "1/2-1/2"]
[WhiteElo "1762"]
[BlackElo "1618"]
[PlyCount "59"]
[EventDate "1999.04.03"]
[EventType "swiss"]
[EventRounds "9"]
[EventCountry "LUX"]
[SourceTitle "EXT 2005"]
[Source "ChessBase"]
[SourceDate "2004.11.15"]
[SourceVersion "1"]
[SourceVersionDate "2004.11.15"]
[SourceQuality "1"]

1. e4 d6 2. d4 Nf6 3. Nc3 g6 4. Be3 c6 5. f3 b5 6. Qd2 Nbd7 7. g4 e5 8. d5 cxd5 9. Nxd5 Nxd5 10. Qxd5 Rb8 11. Bxb5 Qa5+ 12. c3 Qxb5 13. Rb1 Qxd5 14. exd5 Nc5 15. Bxc5 dxc5 16. Ne2 f5 17. 0-0 Ba6 18. Rfe1 Bd3 19. Rbd1 c4 20. Nc1 Bc5+ 21. Kh1 Bc2 22. Rxe5+ Kd7 23. Rd2 Rxb2 24. Ree2 Re8 25. Rxc2 Rxe2 26. Rxe2 Rxe2 27. Nxe2 fxg4 28. fxg4 Kd6 29. Nf4 Be3 30. Ne2 1/2-1/2

[Event "Luxembourg-ch"]
[Site "Luxembourg"]
[Date "1999.04.05"]
[Round "3"]
[White "Steinmetzer, Jacques"]
[Black "Hansen, Herve"]
[Result "0-1"]
[WhiteElo "1595"]
[BlackElo "1762"]
[PlyCount "56"]
[EventDate "1999.04.03"]
[EventType "swiss"]
[EventRounds "9"]
[EventCountry "LUX"]
[SourceTitle "EXT 2005"]
[Source "ChessBase"]
[SourceDate "2004.11.15"]
[SourceVersion "1"]
[SourceVersionDate "2004.11.15"]
[SourceQuality "1"]

1. b3 e5 2. Bb2 Nc6 3. e3 d5 4. Bb5 Bd6 5. f4 Qh4+ 6. g3 Qe7 7. Nc3 Nf6 8. Qc1 exf4 9. gxf4 Bxf4 10. Ba3 Bd6 11. Bb2 Bd7 12. Nf3 a6 13. Bxc6 Bxc6 14. Rg1 Rg8 15. Ne2 0-0-0 16. c4 dxc4 17. Qxc4 Bxf3 18. Nd4 Bd5 19. Qe2 Qe5 20. h4 c5 21. Rc1 Kd7 22. Rg5 Qe4 23. Nf5 h6 24. Nxh6 Qxh4+ 25. Qf2 Qxg5 26. Bxf6 Qxf6 27. Nxg8 Qxf2+ 28. Kxf2 Rxg8 0-1

[Event "LUX-ch U14"]
[Site "Luxembourg"]
[Date "1998.02.26"]
[Round "6"]
[White "Hansen, Herve"]
[Black "Daubenfeld, Gilles"]
[Result "1/2-1/2"]
[WhiteElo "1645"]
[BlackElo "1745"]
[PlyCount "113"]
[EventDate "1998.??.??"]
[EventType "tourn"]
[EventRounds "5"]
[EventCountry "LUX"]
[SourceTitle "EXT 2003"]
[Source "ChessBase"]
[SourceDate "2002.11.25"]
[SourceVersion "1"]
[SourceVersionDate "2002.11.25"]
[SourceQuality "1"]

1. e4 c5 2. Nf3 e6 3. d4 cxd4 4. Nxd4 Nf6 5. Nc3 Bb4 6. e5 Nd5 7. Qg4 g6 8. Ndb5 Nc6 9. Qg3 a6 10. Nd6+ Bxd6 11. exd6 Qa5 12. Bd2 Ndb4 13. Bd3 Qe5+ 14. Qxe5 Nxe5 15. Ke2 Nbxd3 16. cxd3 b5 17. Ne4 f5 18. Bc3 fxe4 19. Bxe5 exd3+ 20. Kxd3 Rf8 21. f3 Bb7 22. Rac1 Rf5 23. Kd4 Bc6 24. Rhe1 0-0-0 25. Kc5 Kb7 26. Kb4 g5 27. h3 h5 28. b3 a5+ 29. Kc5 g4 30. hxg4 hxg4 31. fxg4 Rg5 32. Re2 Rc8 33. Kd4 Rxg4+ 34. Kd3 b4 35. Kd2 Rxg2 36. Rxg2 Bxg2 37. Rc7+ Rxc7 38. dxc7 Be4 39. Ke3 Bb1 40. Kd4 Bxa2 41. Kc5 Bxb3 42. Kd6 Kc8 43. Kc5 Bc2 44. Kb5 b3 45. Kxa5 b2 46. Bxb2 Kxc7 47. Kb5 Bd3+ 48. Kc5 d6+ 49. Kd4 Bf5 50. Ba3 Kc6 51. Bb2 e5+ 52. Ke3 Kd5 53. Ba3 Ke6 54. Bb2 d5 55. Bc3 Bg6 56. Bb2 Kf5 57. Bc3 1/2-1/2